书目信息 |
| 题名: |
中国流通纪念币
|
|
| 作者: | 沈家驹 主编 | |
| 分册: | ||
| 出版信息: | 北京 中国金融出版社 1993 |
|
| 页数: | 51页 | |
| 开本: | 22cm | |
| 丛书名: | ||
| 单 册: | ||
| 中图分类: | J526.6 | |
| 科图分类: | ||
| 主题词: | 纪念币--中国--现代--图集 | |
| 电子资源: | ||
| ISBN: | 7-5049-1085-6 | |
| 000 | 00648nam0 2200229 45 | |
| 001 | 060000026304 | |
| 005 | 20051122152210.82 | |
| 010 | @a7-5049-1085-6@dCNY18.00 | |
| 092 | @aCN | |
| 100 | @a20050415d1993 ekmy0chiy0120 ea | |
| 101 | 0 | @achi@aeng |
| 102 | @aCN@b110000 | |
| 105 | @aa z 000yy | |
| 200 | 1 | @a中国流通纪念币@9zhong guo liu tong ji nian bi@f沈家驹主编@Fshen jia ju zhu bian |
| 210 | @a北京@c中国金融出版社@d1993 | |
| 215 | @a51页@c图@d22cm | |
| 606 | 0 | @a纪念币@y中国@z现代@j图集 |
| 690 | @aJ526.6@v4 | |
| 701 | 0 | @a沈家驹@Ashen jia ju@4主编 |
| 801 | 0 | @aCN@bTSSF@c20051122 |
| 905 | @a10447@dJ526.6@e128 | |
| 999 | @aHSJ@eDF | |
| 中国流通纪念币/沈家驹主编.-北京:中国金融出版社,1993 |
| 51页:图;22cm |
| ISBN 7-5049-1085-6:CNY18.00 |
| ● |
| 相关链接 |
|
|
|
|
正题名:中国流通纪念币
索取号:J526.6/128
 
预约/预借
| 序号 | 登录号 | 条形码 | 馆藏地/架位号 | 状态 | 备注 |
| 1 | 0368937 | 203689375 | 第一样本阅览室/ [索取号:J526.6/128] | 在馆 | |
| 2 | 0368938 | 203689384 | 第一借阅区/ [索取号:J526.6/128] | 在馆 | |
| 3 | 0368939 | 203689393 | 第一借阅区/ [索取号:J526.6/128] | 在馆 | |
| 4 | 0368940 | 203689400 | 第一借阅区/ [索取号:J526.6/128] | 在馆 | |
| 5 | 0368941 | 203689419 | 第一借阅区/ [索取号:J526.6/128] | 在馆 | |
| 6 | 0368942 | 203689428 | 第一借阅区/ [索取号:J526.6/128] | 在馆 | |
| 7 | 0368943 | 203689437 | 第一借阅区/ [索取号:J526.6/128] | 在馆 | |
| 8 | 0368944 | 203689446 | 第一借阅区/ [索取号:J526.6/128] | 在馆 |